[Event "Tarragona-ch Seniors"]
[Site "Cambrils"]
[Date "2020.02.13"]
[Round "4.11"]
[White "Pros Perello, Jaime"]
[Black "Trenchs Agullet, Magi"]
[Result "1-0"]
[WhiteElo "1826"]
[BlackElo "1489"]
[PlyCount "39"]
[EventDate "2020.01.23"]
[EventType "swiss"]
[EventRounds "8"]
[EventCountry "ESP"]
[SourceTitle "EXT 2024"]
[Source "ChessBase"]
[SourceDate "2023.10.10"]
[SourceVersion "1"]
[SourceVersionDate "2023.10.10"]
[SourceQuality "1"]

1. e4 e5 2. Nf3 Nc6 3. Bc4 Bc5 4. 0-0 Nf6 5. d4 exd4 6. e5 Ne4 7. Bd5 Nxf2 8. Rxf2 d6 9. Bxc6+ bxc6 10. Rf1 Bg4 11. Bf4 dxe5 12. Bxe5 d3+ 13. Kh1 dxc2 14. Qxc2 Qd5 15. Nc3 Qe6 16. Bxg7 0-0-0 17. Bxh8 Bf5 18. Qe2 Be3 19. Rfe1 Re8 20. Bd4 1-0

[Event "Tarragona Province-chB"]
[Site "L'Hospitalet Infant"]
[Date "2016.10.16"]
[Round "3"]
[White "Trenchs Agullet, Magi"]
[Black "Cabo Izquierdo, Mario"]
[Result "1/2-1/2"]
[WhiteElo "1682"]
[BlackElo "1606"]
[PlyCount "92"]
[EventDate "2016.10.02"]
[EventType "swiss"]
[EventRounds "9"]
[EventCountry "ESP"]
[SourceTitle "EXT 2018"]
[Source "ChessBase"]
[SourceDate "2017.10.13"]
[SourceVersion "1"]
[SourceVersionDate "2017.10.13"]
[SourceQuality "1"]

1. d4 Nf6 2. c4 e5 3. dxe5 Ng4 4. Bf4 Nc6 5. Nf3 Bc5 6. e3 f6 7. exf6 Qxf6 8. Bg3 Qxb2 9. Nbd2 Nb4 10. Rc1 Bxe3 11. Be2 c6 12. 0-0 Bxd2 13. Nxd2 Nf6 14. Bd6 Na6 15. Bf3 Kf7 16. Rc2 Qd4 17. Nb3 Qxd1 18. Rxd1 Re8 19. h3 b6 20. a4 Ne4 21. Bh2 Nac5 22. Nxc5 Nxc5 23. Ra2 a5 24. Bd6 Ne4 25. Bxe4 Rxe4 26. c5 bxc5 27. Rc1 c4 28. Rc3 Ra7 29. Bc5 Rb7 30. Rac2 d5 31. Ba3 Rb3 32. Rxb3 cxb3 33. Rxc6 Rxa4 34. Rc7+ Kg6 35. Bb2 Bf5 36. Rxg7+ Kh6 37. Rg3 Bg6 38. Bg7+ Kh5 39. Rxb3 Rb4 40. Re3 Re4 41. Kh2 Rxe3 42. fxe3 Be4 43. g4+ Kg5 44. Kg3 a4 45. h4+ Kg6 46. Bd4 h5 1/2-1/2

[Event "Tarragona Province-chB"]
[Site "L'Hospitalet Infant"]
[Date "2016.10.02"]
[Round "1"]
[White "Trenchs Agullet, Magi"]
[Black "Zhao, Xinjunkang"]
[Result "1-0"]
[WhiteElo "1682"]
[BlackElo "1237"]
[PlyCount "49"]
[EventDate "2016.10.02"]
[EventType "swiss"]
[EventRounds "9"]
[EventCountry "ESP"]
[SourceTitle "EXT 2018"]
[Source "ChessBase"]
[SourceDate "2017.10.13"]
[SourceVersion "1"]
[SourceVersionDate "2017.10.13"]
[SourceQuality "1"]

1. d4 Nf6 2. Bf4 e6 3. e3 Nc6 4. Nf3 b6 5. Nbd2 Be7 6. Be2 Nh5 7. Bg3 Nxg3 8. hxg3 Bb7 9. c3 d5 10. Qc2 h6 11. 0-0-0 Qd7 12. e4 dxe4 13. Nxe4 f5 14. Ned2 0-0-0 15. Rhe1 g5 16. Bc4 e5 17. dxe5 Na5 18. Bf1 g4 19. Nd4 Qc6 20. Nxf5 Rhe8 21. Nxe7+ Rxe7 22. Nb3 Nxb3+ 23. axb3 Qc5 24. Qf5+ Rdd7 25. Qf8+ 1-0

[Event "Tarragona-ch Seniors"]
[Site "Cambrils"]
[Date "2015.02.19"]
[Round "4.7"]
[White "Amigo Cervello, Juan"]
[Black "Trenchs Agullet, Magi"]
[Result "1-0"]
[WhiteElo "1954"]
[BlackElo "1844"]
[PlyCount "75"]
[EventDate "2015.01.29"]
[EventType "swiss"]
[EventRounds "8"]
[EventCountry "ESP"]
[SourceTitle "EXT 2024"]
[Source "ChessBase"]
[SourceDate "2023.10.10"]
[SourceVersion "1"]
[SourceVersionDate "2023.10.10"]
[SourceQuality "1"]

1. d4 d5 2. c4 c6 3. Nf3 e6 4. e3 f5 5. Nc3 Nf6 6. cxd5 exd5 7. Bd3 g6 8. h4 Bg7 9. b4 Nbd7 10. a3 Ne4 11. Bxe4 fxe4 12. Ng1 Nf6 13. f3 0-0 14. Ra2 Qd6 15. Nce2 Nh5 16. Kd2 exf3 17. gxf3 Bf5 18. Nh3 Rfe8 19. Kc3 a5 20. Qb3 a4 21. Qd1 c5 22. Rb2 cxb4+ 23. Rxb4 Rec8+ 24. Kd2 Qc6 25. Nhf4 Nxf4 26. Nxf4 Qc3+ 27. Ke2 Qc2+ 28. Qxc2 Rxc2+ 29. Bd2 Ra2 30. Nxd5 Rxa3 31. Ne7+ Kf7 32. Nxf5 Rb3 33. Rxb7+ Rxb7 34. Nd6+ Ke6 35. Nxb7 a3 36. Nc5+ Kd5 37. Kd3 a2 38. Ra1 1-0

[Event "Tarragona Province-ch"]
[Site "Hospitalet de l'Infant"]
[Date "2013.11.24"]
[Round "8"]
[White "Ferre Blasco, Jaume"]
[Black "Trenchs Agullet, Magi"]
[Result "1-0"]
[WhiteElo "1767"]
[BlackElo "1678"]
[PlyCount "27"]
[EventDate "2013.10.06"]
[EventType "swiss"]
[EventRounds "9"]
[EventCountry "ESP"]
[SourceTitle "EXT 2017"]
[Source "ChessBase"]
[SourceDate "2016.10.25"]
[SourceVersion "1"]
[SourceVersionDate "2016.10.25"]
[SourceQuality "1"]

1. d4 d5 2. Nf3 Nf6 3. Bf4 e6 4. h3 Bd6 5. Ne5 Bd7 6. e3 Nc6 7. Nd2 Ne7 8. Ndf3 Bc6 9. Bd3 a6 10. c3 b5 11. a4 h6 12. Nxc6 Nxc6 13. Bxd6 cxd6 14. axb5 1-0